Normal view
MARC view
- Asian productivity organization
Entry Personal Name
001 - CONTROL NUMBER
- control field: 14952
003 - CONTROL NUMBER IDENTIFIER
- control field: NUST
005 - DATE AND TIME OF LATEST TRANSACTION
- control field: 20190617063702.0
008 - FIXED-LENGTH DATA ELEMENTS
- fixed length control field: 190617|| aca||aabn | a|a d
040 ## - CATALOGING SOURCE
- Original cataloging agency: NUST
- Transcribing agency: NUST
100 ## - HEADING--PERSONAL NAME
- Personal name: Asian productivity organization
670 ## - SOURCE DATA FOUND
- Source citation: Work cat.: (NUST): Asian productivity organization , ISO 14000 for small and medium enterprises / , 1997.
